|
|
|
|
| LEADER |
00000nam a22000007a 4500 |
| 005 |
20210906224511.0 |
| 007 |
cr|||| |||| |
| 008 |
210906s2021 co |||||s|||| 00||0 spa d |
| 020 |
|
|
|a 978-958-792-260-8
|
| 035 |
|
|
|a 35043
|
| 040 |
|
|
|a vLex
|
| 090 |
|
|
|c 12273
|d 12273
|
| 100 |
1 |
|
|a Briceǫ, Pal︢ Lira
|
| 245 |
1 |
0 |
|a Evaluacin̤ de proyectos de inversin̤
|h [Recurso electrn̤ico] :
|b Gua̕ ter̤ica y prc̀tica /
|c Pal︢ Lira Briceǫ
|
| 256 |
|
|
|a Servicio en ln̕ea
|
| 260 |
|
|
|a Bogot:̀
|b Ediciones de la U,
|c 2021
|
| 300 |
|
|
|a 1 recurso electrn̤ico
|
| 500 |
|
|
|a Es sabido que una correcta aplicacin̤ de las tčnicas de evaluacin̤ de proyectos de inversin̤ permite a las empresas y a las sociedades crecer y prosperar. En este sentido esta obra busca complementar lo aprendido en cursos de evaluacin̤ de proyectos con la prc̀tica a travš de ejercicios y breves casos resueltos. En los ms̀ de 85 problemas planteados, se cubren los tp̤icos que constituyen las tčnicas de seleccin̤ de alternativas de inversin̤. Cada uno se ha desarrollado con notas explicativas que permiten una mejor comprensin̤ de las soluciones propuestas por su autor. Este libro traslada los conceptos financieros a la prc̀tica facilitando la labor que un estudiante o directivo financiero enfrenta cuando selecciona alternativas de inversin̤.
|
| 506 |
1 |
|
|a Disponible solo en los productos indicados
|d vLex Global
|d vLex Global (Academic Edition, excluding Law Schools)
|d vLex Global (U.S. Academic Edition, Law Schools)
|d vLex Global (U.S. Academic Edition, excluding Law Schools)
|d vLex Global (Academic Edition, Law Schools)
|
| 650 |
0 |
4 |
|a Economa̕ y negocios
|z Colombia
|
| 650 |
0 |
4 |
|a Banca y finanzas
|z Colombia
|
| 740 |
0 |
|
|a vLex Libros (Servicio en ln̕ea)
|
| 856 |
4 |
0 |
|u https://app.vlex.com/#/sources/35043
|z Acceso restringido
|
| 942 |
|
|
|c BOOK
|
| 999 |
0 |
|
|a Economy and business
|
| 999 |
0 |
|
|a Banking and finance
|